000 00642nam a22002297a 4500
003 UA-OsUOA
001 98968
007 ta
008 20130422b un ||||| |||| 00| 0 ukr d
100 _aРжевская Е.
090 _a821.161.1
_bР48
942 _cBK
040 _aUA-OsUOA
_brus
_cUA-OsUOA
_dUA-OsUOA
245 _aБлижние подступы
_bповести , рассказы
300 _a336 с.
955 _a5
041 _arus
080 _a821.161.1
260 _aМ.
_bСоветский писатель
_c1985
650 7 _a82 Література. Літературознавство
_2UDC
999 _c385016
_d385016